MARC details
| 000 -LEADER |
| fixed length control field |
00968 a2200289 4500 |
| 001 - CONTROL NUMBER |
| control field |
200419573 |
| 003 - CONTROL NUMBER IDENTIFIER |
| control field |
TR-AnTOB |
| 005 - DATE AND TIME OF LATEST TRANSACTION |
| control field |
20241002165444.0 |
| 008 - FIXED-LENGTH DATA ELEMENTS--GENERAL INFORMATION |
| fixed length control field |
161011b tu 000 0 |
| 020 ## - INTERNATIONAL STANDARD BOOK NUMBER |
| International Standard Book Number |
5766723938 |
| 040 ## - CATALOGING SOURCE |
| Original cataloging agency |
DLC |
| Language of cataloging |
eng |
| Transcribing agency |
DLC |
| Description conventions |
rda |
| 041 ## - LANGUAGE CODE |
| Language code of text/sound track or separate title |
Rusça |
| 050 ## - LIBRARY OF CONGRESS CALL NUMBER |
| Classification number |
DS26 |
| Item number |
.K77 2010 |
| 090 ## - LOCALLY ASSIGNED LC-TYPE CALL NUMBER (OCLC); LOCAL CALL NUMBER (RLIN) |
| Classification number (OCLC) (R) ; Classification number, CALL (RLIN) (NR) |
DS26 .K77 2010 |
| 100 ## - MAIN ENTRY--PERSONAL NAME |
| Personal name |
Quanghanov, Shahmurat Tokishuly, |
| Dates associated with a name |
1938- |
| 9 (RLIN) |
98995 |
| 245 #0 - TITLE STATEMENT |
| Title |
"Arii-gun" skvoz veka i prostranstvo : |
| Remainder of title |
svidetelstva, toponimy / |
| Statement of responsibility, etc. |
Shakh-Murat Tokushuly Kuanganov. |
| Linkage |
880-01 |
| 264 ## - PRODUCTION, PUBLICATION, DISTRIBUTION, MANUFACTURE, AND COPYRIGHT NOTICE |
| Place of production, publication, distribution, manufacture |
Astana : |
| Name of producer, publisher, distributor, manufacturer |
[publisher not identified], |
| Date of production, publication, distribution, manufacture, or copyright notice |
2010. |
| -- |
1 |
| Linkage |
880-02 |
| 300 ## - PHYSICAL DESCRIPTION |
| Extent |
2 volumes (420, 432 pages) : |
| Other physical details |
illustrations, maps ; |
| Dimensions |
21 cm |
| 336 ## - CONTENT TYPE |
| Content type term |
text |
| Source |
rdacontent |
| 337 ## - MEDIA TYPE |
| Media type term |
unmediated |
| Source |
rdamedia |
| 338 ## - CARRIER TYPE |
| Carrier type term |
volume |
| Source |
rdacarrier |
| 500 ## - GENERAL NOTE |
| General note |
"15-letiiu nezavisimosti Respubliki Kazakhstan posviashchaetsia." |
| 650 #0 - SUBJECT ADDED ENTRY--TOPICAL TERM |
| Topical term or geographic name entry element |
Turkic peoples |
| General subdivision |
History |
| 9 (RLIN) |
21340 |
| 650 ## - SUBJECT ADDED ENTRY--TOPICAL TERM |
| Topical term or geographic name entry element |
Turkic peoples |
| General subdivision |
Names |
| 9 (RLIN) |
98996 |
|
| Topical term or geographic name entry element |
Toponymy |
| 9 (RLIN) |
98997 |
| 942 ## - ADDED ENTRY ELEMENTS (KOHA) |
| Koha item type |
Book |